Name All Playable Tekken Characters (1994-2014) - Statistics

General Stats
  • This quiz has been taken 1,090 times
  • The average score is 38 of 69
Answer Stats
Hint Answer % Correct
The wrestler who wears a jaguar mask King
96%
The original cyborg Jack
94%
The trousers with flames Jin
92%
The head of G Corporation Kazuya
87%
The ninja with a sword Yoshimitsu
86%
He wears a tiger symbol and loves bears Heihachi
85%
The Black and White bear Panda
85%
The brown bear Kuma
84%
The purple man with wings Devil
81%
The Adopted Son Lee
79%
The Blonde Bombshell Nina Williams
78%
The jaguar with a red eye Armor King
76%
The Irish sister Anna Williams
75%
The giant green god Ogre
72%
The second Jack Jack-2
71%
The Cop Lei
71%
Jin's mother Jun
70%
The wooden fighter Mokujin
67%
The original taekwondo Baek
66%
The Brazilian Fighter Eddy Gordo
66%
The 5th Jack Jack-5
66%
The guy with huge blonde hair Paul Phoenix
66%
The Sumo wrestler Ganryu
64%
Baek's Son Hwoarang
62%
The beauty with wings Angel
60%
The Brazilian Babe Christie
59%
The 6th Jack Jack-6
59%
The british boxer Steve Fox
59%
The demon with black wings and horns Devil Jin
58%
Marshall's Son Forest Law
57%
The Female Ninja Kunimitsu
57%
The very round American Bob
56%
The African-American Kickboxer Bruce
55%
The little dinosaur Gon
53%
Michelle's her adopted mother Julia Chang
53%
The ultimate ninja Raven
53%
The oldest playable human character Wang
53%
The other female Kazama Asuka
52%
The 3rd Jack Gun Jack
52%
The founder of the Mishima Zaibatsu Jinpachi
52%
The green dinosaur Alex
51%
The giant bat who breathes fire True Ogre
51%
Abel's creation with an evil laugh Bryan Fury
50%
The metal man who wears glasses P.Jack
49%
Kazuya's half brother Lars Alexandersson
47%
The wealthy French Lili
47%
The Native-American who loves Zebra print Michelle Chang
47%
The schoolgirl who loves theme parks Ling Xiaoyu
46%
The giant wrestler Marduk
46%
The robot who's head falls off, oh and she has chainsaws for arms Alisa Bosconovitch
44%
The alter ego with purple hair Violet
43%
The Legendary Dragon Marshal Law
40%
The Spaniard who lost his bride Miguel Caballero Rojo
40%
The Russian know as 'The White Angel of Death' Sergei Dragunov
40%
The German Boy/Girl who really knows? Leo Kilesen
39%
The first Kangaroo Roger
39%
The mad scientist Dr.Bosconovitch
38%
The demo robot Combot
37%
The dark side with a wolf on her back Unknown
36%
The Chinese fighter who killed his master and has a ponytail Feng Wei
35%
The Egyptian crab Zafina
34%
The Disco dancer Tiger Jackson
32%
The metal tree Tetsujin
27%
The thin American Slim Bob
26%
The schoolgirl's best friend Miharu
25%
The Butler Sebastian
25%
The female wrestler Jaycee
24%
The Vampire Eliza
20%
The kangaroo's Son Roger Jr.
11%
No matching quizzes found
Score Distribution
Percent of People with Each Score
Percentile by Number Answered
Your Score History
You have not taken this quiz